logo

Bir Sreshtho Munshi Abdur Rouf Library
Jhenaidah Cadet College

Byddgust mystic songs / (Record no. 18)

MARC details
000 -LEADER
fixed length control field 00625nam a22002417a 4500
001 - CONTROL NUMBER
JCCL Control Number 18
003 - CONTROL NUMBER IDENTIFIER
JCCL marc code BD-JhCC
005 - DATE AND TIME OF LATEST TRANSACTION
control field 20170924125100.0
008 - FIXED-LENGTH DATA ELEMENTS--GENERAL INFORMATION
fixed length control field 170924s19602007bg |||| |||| 000 0 mul d
020 ## - INTERNATIONAL STANDARD BOOK NUMBER
International Standard Book Number 9844104750
035 ## - SYSTEM CONTROL NUMBER
system control number (BD-JhCC)
040 ## - CATALOGING SOURCE
Original cataloging agency BD-JhCC
Transcribing agency BD-JhCC
041 ## - LANGUAGE CODE
Language code of Book eng and ban
082 ## - DEWEY DECIMAL CLASSIFICATION NUMBER
DDC Edition number 22
Classification number 781.629144
Author mark and Year SHA
100 ## - MAIN ENTRY--PERSONAL NAME
Personal name Shaidullah, Dr. Muhammad
245 ## - TITLE STATEMENT
Title Byddgust mystic songs /
Statement of responsibility, etc Dr. Muhammad Shahidullah
260 ## - PUBLICATION, DISTRIBUTION, ETC. (IMPRINT)
Place of publication, distribution, etc Mowla Brothers ,
Name of publisher, distributor, etc Dhaka :
Date of publication, distribution, etc 2007.
300 ## - PHYSICAL DESCRIPTION
Pagination 126 p. :
Dimensions 21 cm.
504 ## - BIBLIOGRAPHY, ETC. NOTE
Bibliography, etc Includes Bibliography
650 ## - SUBJECT ADDED ENTRY--TOPICAL TERM
Topical term or geographic name as entry element Music
942 ## - ADDED ENTRY ELEMENTS (KOHA)
Source of classification or shelving scheme Dewey Decimal Classification
Koha item type Books
Holdings
Source of classification or shelving scheme Damaged status Not for loan Home library Current library Shelving location Date of accession Cost, normal purchase price Total Checkouts Full call number Barcode Date last seen Copy number Koha item type
Dewey Decimal Classification     JCC Rouf Library JCC Rouf Library General Stacks 09/24/2017 100.00   821.92 SHA 2007 1405 09/24/2017 C-1 Books

JCC Library | Contacts | JCC Home

Last Update on 23 September 2017
Copyright @ 2017-2020 JCC Rouf Library
Rouf Library, Jhenidah Cadet College (JCC), Bangladesh